| 000 | 00000nas 2200000za 4500 |
| 001 | 9.853041 |
| 003 | CaOODSP |
| 005 | 20221107154729 |
| 007 | cr ||||||||||| |
| 008 | 180307d20062006oncer p o f0 b0fre|d |
| 022 | |y1918-333X |
| 040 | |aCaOODSP|bfre |
| 043 | |an-cn--- |
| 086 | 1 |aM132-1F-PDF |
| 086 | 1 |aM131-1F-PDF |
| 245 | 00|aCarbure-info |h[ressource électronique]. |
| 260 | |a[Ottawa] : |bRessources naturelles Canada, |c[2006] |
| 310 | |aBimensuel |
| 362 | 1 |aParaît depuis : no. 1 (le 4 juillet 2006); ne paraît plus après : no. 10 (le 7 novembre 2006). |
| 500 | |aTitre de départ. |
| 500 | |aÉgalement publié en anglais sous le titre : Fuel focus. |
| 692 | 07|2gccst|aEssence |
| 692 | 07|2gccst|aCombustible |
| 710 | 1 |aCanada. |bRessources naturelles Canada. |
| 775 | 08|tFuel focus |w(CaOODSP)9.507356 |
| 785 | 00|tInfo-carburant |w(CaOODSP)9.503746 |